LEADER 01329nam a2200337 a 4500 001 000000121809 003 CaOOAMICUS 005 20220412173253.0 008 100518t2010 it u000 u ita r 020 $a978-88-372-2399-1 032 $aLibriCat 040 $aPUL$bita$dReb 041 1 $aita$hheb 082 04$a296.68 130 0 $aEmet ve-emunà$lItaliano.$0(OLS)http://pul/title/153260 245 13$aIl giudaismo "conservative" /$cMassimo Giuliani (ed.) 260 $aBrescia :$bMorcelliana,$c©2010. 300 $a206 p. ;$c19 cm. 490 1 $aIl pellicano rosso.$aNuova serie ;$v107 504 $aBibliografia in nota. 650 4$aGiudaismo$xDottrine.$0(OLS)http://pul/subject/77 700 1 $aGiuliani, Massimo.$0(OLS)http://pul/name/53195 830 3$aIl pellicano rosso.$pNuova serie ;$v107.$0(OLS)http://pul/title/103420 850 $aPUL 852 $aPUL$W1$xSL Religione 3$y85$m296. 68 GIUMA 1$j139798$qDDC 21$B138991$CPULBib$Z2$F138991 $H113749 $82 941 1 $a9 996 $6020$a978-88-372-2399-1$9(OLS)http://pul/number/144270 996 $6082$a296.68$9(OLS)http://pul/classification/559 996 $6245$aIl giudaismo "conservative"$9(OLS)http://pul/title/153259 996 $6260$aBrescia :$bMorcelliana$9(OLS)http://pul/publisher/47854 LEADER 00918nam a2200217 u 4500 001 000000106483 003 CaOOAMICUS 005 20070827123549.0 008 070827n it a u000 u ita u 040 $aPUL$bita$dLDB 100 1 $aGiustini, Pietro A.,$d1939-2007.$0(OLS)http://pul/name/2770 245 10$aDa Leonardo a Leibniz :$bla rivoluzione scientifica /$cPietro Alessandro Giustini. 260 $aMilano :$bLuigi Trevisini,$c[S. d.] 300 $a208 p. ;$c26 cm 500 $aBibliografia in nota. 650 14$aScienza$xStoria$ySec. XVII.$0(OLS)http://pul/subject/22167 850 $aPUL 852 $aPUL$W1$xSL Filosofia 1$y2$m95 E 30$j120205$qStampati$B119618$CPULBib$Z2$F119618 $H58134 $82 941 1 $a8 996 $6245$aDa Leonardo a Leibniz :$bla rivoluzione scientifica$9(OLS)http://pul/title/134103 996 $6260$aMilano :$bLuigi Trevisini$9(OLS)http://pul/publisher/68172